Statistics for Minesweeper Original - Playable Game! #3

Click here to take the quiz!

General Stats

  • This quiz has been taken 79 times
  • The average score is 60 of 72

Answer Stats

Cell% Correct
A1GO
92%
A3GO
91%
B3GO
91%
B4GO
89%
E7GO
89%
E8GO
89%
A4GO
88%
A5GO
88%
A6GO
88%
A7GO
88%
A8GO
88%
A9GO
88%
B5GO
88%
B6GO
88%
B7GO
88%
B8GO
88%
B9GO
88%
C5GO
88%
C6GO
88%
C7GO
88%
C8GO
88%
C9GO
88%
D7GO
88%
D8GO
88%
D9GO
88%
E9GO
88%
E6GO
84%
H1GO
84%
H2GO
84%
J7GO
84%
D1GO
83%
D2GO
83%
D3GO
83%
E1GO
83%
E2GO
83%
E3GO
83%
E5GO
83%
F1GO
83%
F2GO
83%
F3GO
83%
F4GO
83%
F5GO
83%
F6GO
83%
F7GO
83%
F8GO
83%
G1GO
83%
G2GO
83%
G3GO
83%
G4GO
83%
G5GO
83%
G6GO
83%
G7GO
83%
G8GO
83%
G9GO
83%
H3GO
83%
H4GO
83%
H5GO
83%
H6GO
83%
H7GO
83%
H8GO
83%
H9GO
83%
J8GO
83%
J9GO
83%
J1GO
78%
J5GO
75%
J4GO
72%
D4GO
70%
C1GO
69%
C3GO
69%
D5GO
67%
B2GO
64%
FAIL
63%

Score Distribution

Percentile by Number Answered

Percent of People with Each Score

Your Score History

You have not taken this quiz